<?xml version="1.0" encoding="UTF-8"?>
<record
    xmlns:xsi="http://www.w3.org/2001/XMLSchema-instance"
    xsi:schemaLocation="http://www.loc.gov/MARC21/slim http://www.loc.gov/standards/marcxml/schema/MARC21slim.xsd"
    xmlns="http://www.loc.gov/MARC21/slim">

  <leader>00830nam a22002057a 4500</leader>
  <controlfield tag="003">0</controlfield>
  <controlfield tag="005">20160609170033.0</controlfield>
  <controlfield tag="008">101112t        xxu||||| |||| 00| 0 eng d</controlfield>
  <datafield tag="040" ind1=" " ind2=" ">
    <subfield code="a">BUAC</subfield>
    <subfield code="b">fr</subfield>
    <subfield code="c">BEPAC</subfield>
  </datafield>
  <datafield tag="100" ind1=" " ind2=" ">
    <subfield code="a">Assani , Ganiou</subfield>
    <subfield code="9">10846</subfield>
  </datafield>
  <datafield tag="245" ind1=" " ind2=" ">
    <subfield code="a">D&#xE9;terminants parentaux de la connaissance du paludisme , de la persuasion et des pratiques de la coart&#xE9;moth&#xE9;rapie et efficacit&#xE9; du COARTEM chez les enfants f&#xE9;briles au B&#xE9;nin : Cas des parents d'enfants de moins de cinq ans de l'arrondissement d'Adoukandji &#xE0; Lalo (B&#xE9;nin)</subfield>
  </datafield>
  <datafield tag="260" ind1=" " ind2=" ">
    <subfield code="a">UAC-EPAC</subfield>
    <subfield code="b">UAC-EPAC</subfield>
    <subfield code="c">2006-2007</subfield>
  </datafield>
  <datafield tag="300" ind1=" " ind2=" ">
    <subfield code="a">88p.</subfield>
  </datafield>
  <datafield tag="650" ind1=" " ind2=" ">
    <subfield code="a">PALUDISME</subfield>
    <subfield code="b">COARTEMOTHERAPIE</subfield>
    <subfield code="9">10847</subfield>
  </datafield>
  <datafield tag="650" ind1=" " ind2=" ">
    <subfield code="a">DETERMINANTS PARENTAUX</subfield>
    <subfield code="b">BENIN</subfield>
    <subfield code="9">10848</subfield>
  </datafield>
  <datafield tag="650" ind1=" " ind2=" ">
    <subfield code="a">COARTEM</subfield>
    <subfield code="b">ENFANT FEBRILE</subfield>
    <subfield code="9">10849</subfield>
  </datafield>
  <datafield tag="650" ind1=" " ind2=" ">
    <subfield code="a">PALUDISME</subfield>
    <subfield code="9">10850</subfield>
  </datafield>
  <datafield tag="700" ind1=" " ind2=" ">
    <subfield code="a">Godonou , Steve</subfield>
    <subfield code="9">10851</subfield>
  </datafield>
  <datafield tag="942" ind1=" " ind2=" ">
    <subfield code="c">THE</subfield>
  </datafield>
  <datafield tag="999" ind1=" " ind2=" ">
    <subfield code="c">48180</subfield>
    <subfield code="d">48180</subfield>
  </datafield>
  <datafield tag="952" ind1=" " ind2=" ">
    <subfield code="0">0</subfield>
    <subfield code="1">0</subfield>
    <subfield code="4">0</subfield>
    <subfield code="7">0</subfield>
    <subfield code="a">BEPAC</subfield>
    <subfield code="b">BEPAC</subfield>
    <subfield code="d">2010-11-12</subfield>
    <subfield code="e">D&#xE9;pot l&#xE9;gal</subfield>
    <subfield code="l">0</subfield>
    <subfield code="o">26/ABM/ASS</subfield>
    <subfield code="p">M16092EPAC</subfield>
    <subfield code="r">2010-11-12 00:00:00</subfield>
    <subfield code="t">1</subfield>
    <subfield code="w">2010-11-12</subfield>
    <subfield code="y">THE</subfield>
  </datafield>
  <datafield tag="952" ind1=" " ind2=" ">
    <subfield code="0">0</subfield>
    <subfield code="1">0</subfield>
    <subfield code="4">0</subfield>
    <subfield code="7">0</subfield>
    <subfield code="a">BEPAC</subfield>
    <subfield code="b">BEPAC</subfield>
    <subfield code="d">2010-11-12</subfield>
    <subfield code="e">D&#xE9;pot l&#xE9;gal</subfield>
    <subfield code="l">0</subfield>
    <subfield code="o">26/ABM/ASS</subfield>
    <subfield code="p">M16093EPAC</subfield>
    <subfield code="r">2010-11-12 00:00:00</subfield>
    <subfield code="t">2</subfield>
    <subfield code="w">2010-11-12</subfield>
    <subfield code="y">THE</subfield>
  </datafield>
  <datafield tag="952" ind1=" " ind2=" ">
    <subfield code="0">0</subfield>
    <subfield code="1">0</subfield>
    <subfield code="4">0</subfield>
    <subfield code="7">0</subfield>
    <subfield code="a">BEPAC</subfield>
    <subfield code="b">BEPAC</subfield>
    <subfield code="d">2010-11-12</subfield>
    <subfield code="e">D&#xE9;pot l&#xE9;gal</subfield>
    <subfield code="l">0</subfield>
    <subfield code="o">26/ABM/ASS</subfield>
    <subfield code="p">M16094EPAC</subfield>
    <subfield code="r">2010-11-12 00:00:00</subfield>
    <subfield code="t">3</subfield>
    <subfield code="w">2010-11-12</subfield>
    <subfield code="y">THE</subfield>
  </datafield>
</record>
